|
|
|
|
| LEADER |
00950cam a2200253 7i4500 |
| 001 |
0000074245 |
| 005 |
20230110090000.0 |
| 020 |
|
|
|a 9781003285366 (electronic book)
|
| 090 |
0 |
0 |
|a QH323.5
|b .B55 2022
|
| 100 |
1 |
|
|a Billard, Lynne
|
| 245 |
1 |
4 |
|a The history of the International Biometric Society
|c Lynne Billard.
|
| 264 |
|
|
|a Boca Raton:
|b Chapman and Hall/CRC Press,
|c 2022.
|
| 300 |
|
|
|a 1 online resource (xiv, 204 pages):
|b text file, PDF.
|
| 336 |
|
|
|a text
|2 rdacontent
|
| 337 |
|
|
|a computer
|2 rdamedia
|
| 338 |
|
|
|a online resource
|2 rdacarrier
|
| 650 |
|
0 |
|a Mathematics
|
| 650 |
|
0 |
|a International Biometric Society
|
| 655 |
|
0 |
|a Electronic books
|
| 856 |
4 |
2 |
|u http://library.unisel.edu.my/web/guest/mylibrary
|
| 997 |
|
|
|a Engineering & Life Sciences, Faculty
|b Science & Biotechnology, Department
|
| 998 |
|
|
|a Biotechnology, Degree
|
| 998 |
|
|
|a Biotechnology & Life Sciences, Diploma
|
| 999 |
|
|
|a EBO0017514
|b EBOOK
|c EBOOK
|e Electronic resources
|